00804 2200277 4500001002100000008004100021035002000062245010900082100001400191110001500205260003700220300001200257020001800269084001400287082000800301650002800309990002100337990001900358990002100377990002100398990002100419990002100440990002100461990002100482990002300503INLIS000000000001349 ind  a0010-0724001349 aSEJARAH MOBIL Mengungkap Sejarah Dan Perkembangan Mobil Dari Awal Diciptakan Hingga Masa KinicPuji Tyas aPuji Tyas aTyas, Puji aMakassarbCitra Adi Bangsac2010 a60 hlm. a979.9926.51.3 a629 PUJ s a629 aLain-lain Cabang Teknik aP29/CP/24/1349.4 aP29/CP/24/1349 aP29/CP/24/1349.1 aP29/CP/24/1349.2 aP29/CP/24/1349.3 aP29/CP/24/1349.5 aP29/CP/24/1349.6 aP29/CP/24/1349.7 aP29/CP/24/1349.7.8